Geografía de la administración: el impacto espacial del ejecutivo en las capitales nacionales
Сохранить в:
| Главный автор: | |
|---|---|
| Формат: | |
| Язык: | испанский |
| Опубликовано: |
Madrid
Instituto de Estudios de Administración Local
1979
|
| Редактирование: | 1a. ed |
| Предметы: | |
| Метки: |
Добавить метку
Нет меток, Требуется 1-ая метка записи!
|
MARC
| LEADER | 00000cam a2200000 a 4500 | ||
|---|---|---|---|
| 001 | UCE0242 | ||
| 003 | CL-VaPUC | ||
| 008 | 140109e19790000sp |||||||||||||||||spa|d | ||
| 020 | |a 8470882287 | ||
| 082 | 0 | 4 | |a 351 |b BER |2 21 |
| 100 | 0 | |a Bertrand, Michel-Jean |e author |9 572601 | |
| 245 | 1 | 0 | |a Geografía de la administración: el impacto espacial del ejecutivo en las capitales nacionales |
| 250 | |a 1a. ed | ||
| 300 | |a 479 p | ||
| 942 | |c BK | ||
| 945 | |d 20140109 11:50:00 |a dcastane | ||
| 260 | |a Madrid |b Instituto de Estudios de Administración Local |c 1979 | ||
| 650 | 0 | |a Administración pública |9 255343 | |
| 650 | 0 | |a Capitalismo |9 255255 | |
| 583 | |a last modification |c 20140109 11:50:00 |k Rodrigo Vera | ||
| 999 | |c 354444 |d 354442 | ||
| 952 | |0 0 |1 0 |3 erb |4 0 |6 351_000000000000000_BER_1979 |7 0 |8 A |9 460321 |a BIBING |b BIBING |i 5045835 |o 351 BER 1979 |p 5045835 |r 2025-01-20 |w 2019-11-23 |y BK |z Catalogado en:20140109 |k GEO | ||